00555nam a22001697a 450000500170000001000150001702000260003203500140005803700130007208200110008510000190009624500890011526000450020427000940024930000200034370000220036320190216153657.0 aENG-124822 a9788186772881c295.00 aEN-108354 bDBAD/PUB a070.43 aGupta Sangeeta aScientific writing and reporting for media/cby Sangeeta Gupta [and] Mithilesh Verma aNew DelhibNew Academic Publishersc2016 a4760-61, 23 Ansari Road, DaryaganjbNew Delhie110002mnapindia@newacademicpublishers.com a82p.c21cm(pbk) a Verma Mithilesh